000 00479nam a2200157Ia 4500
005 20250508140323.0
008 231217s9999 xx 000 0 und d
020 _a9780470405000
082 _a658.4092 COH;1 R
100 _aCohen, William A.
245 0 _aDrucker on leadership : new lessons from the father of modern management
260 _c2010
_bJossey-Bass
_aSan Francisco
300 _axi, 292
650 _aDrucker,leadership,lessons,father,management
942 _cAA
999 _c185085
_d185085